[Event "Omsk op 05"]
[Site "Omsk"]
[Date "2014.05.11"]
[Round "5"]
[White "Manchenko, Vladimir"]
[Black "Pisjmeniuk, Artem"]
[Result "0-1"]
[WhiteElo "2012"]
[BlackElo "1982"]
[PlyCount "52"]
[EventDate "2014.05.01"]
[EventType "swiss"]
[EventRounds "9"]
[EventCountry "RUS"]
[SourceTitle "EXT 2016"]
[Source "ChessBase"]
[SourceDate "2015.10.08"]
[SourceVersion "1"]
[SourceVersionDate "2015.10.08"]
[SourceQuality "1"]

1. e4 c5 2. f4 d5 3. e5 Bf5 4. d3 e6 5. Nf3 Nc6 6. g3 Bg4 7. h3 Bxf3 8. Qxf3 Nd4 9. Qf2 h5 10. c3 Nf5 11. h4 Qb6 12. Bg2 f6 13. 0-0 fxe5 14. fxe5 0-0-0 15. a4 Ngh6 16. Bf3 g6 17. Na3 Be7 18. Nb5 a6 19. Na3 g5 20. hxg5 Ng4 21. Qg2 Nge3 22. Qh3 Nxf1 23. Kxf1 Rhg8 24. Bxh5 Bxg5 25. Bxg5 Rxg5 26. g4 Qxb2 0-1

[Event "Omsk-ch"]
[Site "Omsk"]
[Date "2013.02.13"]
[Round "5"]
[White "Manchenko, Vladimir"]
[Black "Golovan, Igor Ivanovich"]
[Result "0-1"]
[WhiteElo "2043"]
[BlackElo "2111"]
[PlyCount "88"]
[EventDate "2013.02.09"]
[EventType "swiss"]
[EventRounds "9"]
[EventCountry "RUS"]
[SourceTitle "CBM 153 Extra"]
[Source "ChessBase"]
[SourceDate "2013.04.22"]
[SourceVersion "1"]
[SourceVersionDate "2013.04.22"]
[SourceQuality "1"]

1. e4 d5 2. exd5 Qxd5 3. Nc3 Qd6 4. d4 Nf6 5. Nf3 a6 6. Bd3 Bg4 7. Ne4 Nxe4 8. Bxe4 e6 9. c3 c6 10. Qb3 Bxf3 11. Bxf3 Qc7 12. Bh5 Qc8 13. f4 g6 14. Bf3 Bd6 15. Be3 Nd7 16. c4 Qc7 17. g3 Rb8 18. Qc3 Be7 19. h4 h5 20. Kf2 Bf6 21. Rac1 Qd6 22. Qd2 Bg7 23. Rhd1 Rd8 24. Qe2 0-0 25. a3 Rfe8 26. d5 cxd5 27. cxd5 e5 28. Qc2 exf4 29. Bxf4 Qb6+ 30. Kg2 Be5 31. Bg5 Bf6 32. Bxf6 Qxf6 33. Qc3 Ne5 34. Rf1 Qd6 35. b4 Rd7 36. Rfe1 Rde7 37. Qe3 Qf6 38. Rf1 Nc4 39. Qc3 Ne3+ 40. Kg1 Qxc3 41. Rxc3 Nxf1 42. Kxf1 Re3 43. Rxe3 Rxe3 44. Kf2 Rxa3 0-1

[Event "Omsk op"]
[Site "Omsk"]
[Date "2012.02.09"]
[Round "7"]
[White "Manchenko, Vladimir"]
[Black "Bogachkova, Alena"]
[Result "0-1"]
[WhiteElo "2053"]
[BlackElo "1993"]
[PlyCount "22"]
[EventDate "2012.01.29"]
[EventType "swiss"]
[EventRounds "9"]
[EventCountry "RUS"]
[SourceTitle "EXT 2022"]
[Source "ChessBase"]
[SourceDate "2021.10.06"]
[SourceVersion "1"]
[SourceVersionDate "2021.10.06"]
[SourceQuality "1"]

1. d4 d5 2. c4 c6 3. Nc3 Nf6 4. Bg5 dxc4 5. a4 Nd5 6. e3 Nxc3 7. bxc3 Qa5 8. f4 Qxc3+ 9. Kf2 Bf5 10. Nf3 Qb2+ 11. Kg1 Qb3 0-1

[Event "Omsk Rating"]
[Site "Omsk"]
[Date "2011.12.02"]
[Round "1"]
[White "Silchenko, Stepan"]
[Black "Manchenko, Vladimir"]
[Result "0-1"]
[WhiteElo "1644"]
[BlackElo "2077"]
[PlyCount "30"]
[EventDate "2011.12.02"]
[EventType "swiss"]
[EventRounds "9"]
[EventCountry "RUS"]
[SourceTitle "EXT 2022"]
[Source "ChessBase"]
[SourceDate "2021.10.06"]
[SourceVersion "1"]
[SourceVersionDate "2021.10.06"]
[SourceQuality "1"]

1. e4 d6 2. Nf3 g6 3. d4 Bg7 4. c4 Nf6 5. Nc3 0-0 6. Bg5 c5 7. d5 Qa5 8. Bxf6 Bxf6 9. Qd2 Bg7 10. Be2 a6 11. 0-0 Nd7 12. Rfd1 Rb8 13. a4 Qb4 14. Ne1 Ne5 15. Nc2 Qxb2 0-1

[Event "Omsk-ch op"]
[Site "Omsk"]
[Date "2009.02.26"]
[Round "11"]
[White "Pinigin, Vladimir"]
[Black "Manchenko, Vladimir"]
[Result "0-1"]
[WhiteElo "2064"]
[BlackElo "2026"]
[PlyCount "56"]
[EventDate "2009.02.12"]
[EventType "swiss"]
[EventRounds "11"]
[EventCountry "RUS"]
[SourceTitle "CBM 129 Extra"]
[Source "ChessBase"]
[SourceDate "2009.05.05"]
[SourceVersion "2"]
[SourceVersionDate "2009.05.20"]
[SourceQuality "1"]

1. e4 d6 2. d4 g6 3. f4 Bg7 4. Nf3 Nf6 5. Nc3 c5 6. dxc5 Qa5 7. Bd3 Qxc5 8. Qe2 Nc6 9. Be3 Qa5 10. 0-0 Ng4 11. Bd2 a6 12. h3 Nf6 13. Qf2 Qc7 14. Rae1 0-0 15. Be3 e6 16. Qh4 d5 17. e5 Nd7 18. Ng5 h6 19. Bxg6 d4 20. Bxf7+ Rxf7 21. Nxf7 Kxf7 22. f5 dxe3 23. fxe6+ Kg8 24. exd7 Qxd7 25. Rxe3 Qd4 26. Qxd4 Nxd4 27. Rf2 Be6 28. Rd2 Nc6 0-1

[Event "Omsk City-ch"]
[Site "Omsk"]
[Date "2008.02.09"]
[Round "5"]
[White "Sharov, Fedor"]
[Black "Manchenko, Vladimir"]
[Result "1-0"]
[WhiteElo "2029"]
[BlackElo "2027"]
[PlyCount "65"]
[EventDate "2008.02.06"]
[EventType "swiss"]
[EventRounds "11"]
[EventCountry "RUS"]
[SourceTitle "EXT 2009"]
[Source "ChessBase"]
[SourceDate "2008.11.26"]
[SourceVersion "1"]
[SourceVersionDate "2008.11.26"]
[SourceQuality "1"]

1. e4 d6 2. Nf3 Nf6 3. Nc3 g6 4. d4 Bg7 5. Bd3 0-0 6. h3 Nc6 7. Qe2 e5 8. dxe5 Nxe5 9. Nxe5 dxe5 10. Bg5 h6 11. Be3 c6 12. Qd2 Kh7 13. g4 Nd7 14. 0-0-0 b5 15. f4 exf4 16. Bxf4 Ne5 17. Qe3 Qe7 18. Kb1 Be6 19. Ne2 c5 20. Nc3 c4 21. Be2 Qb7 22. Qc5 b4 23. Qb5 Qxb5 24. Nxb5 c3 25. Rd6 Bc4 26. Bxc4 Nxc4 27. Rd7 a6 28. Nd6 Nxb2 29. Nxf7 Nc4 30. e5 g5 31. Bg3 Rae8 32. Re1 Kg6 33. e6 1-0

[Event "Omsk City-ch"]
[Site "Omsk"]
[Date "2008.02.08"]
[Round "4"]
[White "Manchenko, Vladimir"]
[Black "Savostjanov, Igor"]
[Result "0-1"]
[WhiteElo "2027"]
[BlackElo "2044"]
[PlyCount "68"]
[EventDate "2008.02.06"]
[EventType "swiss"]
[EventRounds "11"]
[EventCountry "RUS"]
[SourceTitle "EXT 2009"]
[Source "ChessBase"]
[SourceDate "2008.11.26"]
[SourceVersion "1"]
[SourceVersionDate "2008.11.26"]
[SourceQuality "1"]

1. e4 c5 2. Nc3 Nc6 3. g3 g6 4. Bg2 Bg7 5. f4 e6 6. Nf3 Nge7 7. 0-0 0-0 8. d3 d6 9. Rb1 f5 10. Be3 Qa5 11. Bd2 Qd8 12. a3 Nd4 13. Ne2 Nec6 14. c3 Nxf3+ 15. Bxf3 fxe4 16. dxe4 e5 17. Be3 Be6 18. Bg2 Qd7 19. b4 c4 20. Qd2 Rad8 21. Rbd1 Kh8 22. a4 Bh3 23. Bxh3 Qxh3 24. b5 Ne7 25. Bxa7 Ra8 26. Be3 Ng8 27. fxe5 dxe5 28. Bc5 Rfc8 29. Bb4 Nf6 30. a5 Bh6 31. Nf4 exf4 32. gxf4 Qg4+ 33. Qg2 Qxg2+ 34. Kxg2 Nxe4 0-1

[Event "Omsk City-ch"]
[Site "Omsk"]
[Date "2008.02.07"]
[Round "3"]
[White "Karabut, Vladimir"]
[Black "Manchenko, Vladimir"]
[Result "1/2-1/2"]
[WhiteElo "2119"]
[BlackElo "2027"]
[PlyCount "77"]
[EventDate "2008.02.06"]
[EventType "swiss"]
[EventRounds "11"]
[EventCountry "RUS"]
[SourceTitle "EXT 2009"]
[Source "ChessBase"]
[SourceDate "2008.11.26"]
[SourceVersion "1"]
[SourceVersionDate "2008.11.26"]
[SourceQuality "1"]

1. d4 Nf6 2. Nf3 g6 3. c4 Bg7 4. Nc3 0-0 5. g3 d6 6. Bg2 Nbd7 7. 0-0 e5 8. e4 c6 9. dxe5 dxe5 10. b3 Qa5 11. Bd2 Qc7 12. Be3 Ng4 13. Bg5 f6 14. Bd2 h5 15. h3 Nh6 16. Nh4 Kh7 17. f4 exf4 18. gxf4 Rd8 19. Qe2 Nf8 20. Rad1 f5 21. e5 Ne6 22. Nf3 Nf7 23. Be3 Bd7 24. Nd4 Qa5 25. Qc2 Nxd4 26. Rxd4 Be6 27. Ne2 Bf8 28. Rxd8 Rxd8 29. Nd4 Bc5 30. Rd1 Bxd4 31. Bxd4 g5 32. fxg5 Nxg5 33. Qd2 Qxd2 34. Rxd2 Ne4 35. Bxe4 fxe4 36. Be3 Rxd2 37. Bxd2 Bxh3 38. Kh2 Bf1 39. Kg3 1/2-1/2